Alicia en el país de las maravillas / (Registro nro. 11947)

Detalles MARC
000 -LIDER
fixed length control field 00747nam a2200253 4500
001 - NÚMERO DE CONTROL
Identificador de número de control 0011761
003 - IDENTIFICACDOR DE NÚMERO DE CONTROL
control field DO-SdBNP
005 - DATE AND TIME OF LATEST TRANSACTION
control field 20180208110712.0
007 - CAMPOS FIJOS DE DESCRIPCIÓN FÍSICA
fixed length control field 0011761
008 - ELEMENTOS DE LONGITUD FIJA
fixed length control field 161114b 1988 sp||||| |||| 00| 0 spa d
020 ## - ISBN
International Standard Book Number 8477122075
040 ## - FUENTE DE CATALOGACIÓN
Agencia que crea de manera original el registro BPMSU
Idioma de catalogación spa
Agencia que realiza la transcripción BPMSU
082 ## - NÚMERO DE CLASIFICACIÓN DECIMAL DE DEWEY
Classification number xxxxxxxxx
Item number xxxxxxxx
100 1# - ASIENTO PRINCIPAL -- NOMBRE PERSONAL
Nombre personal Carroll, Lewis
245 10 - MENCIÓN DE TITULO
Título Alicia en el país de las maravillas /
Mención de responsabilidad Lewis Carroll ; ilustración Francesc Rovira
260 ## - PUBLICACIÓN, DISTRIBUCIÓN, ETC. (PIE DE IMPRENTA)
Lugar de publicación, distribución, etc Barcelona :
Nombre del editor, distribuidor, etc. Editorial multilibro
Fecha de publicación, distribución, etc 1988
300 ## - DESCRIPCIÓN FÍSICA
Extensión 26 p. :
Otros detalles físicos il.,
Dimensiones 20 cm.
490 ## - MENCIÓN DE SERIES
Mención de serie Cuentos clásicos
Volume/sequential designation 11
700 1# - ASIENTO SECUNDARIO -- NOMBRE PERSONAL
Nombre personal Rovira, Francesc
Mención de responsabilidad il.
830 #0 - ASIENTO SECUNDARIO DE SERIE--TÍTULO UNIFORME
Título uniforme Cuentos clásicos
Volume number/sequential designation 11
942 ## - ADDED ENTRY ELEMENTS (KOHA)
Source of classification or shelving scheme Dewey Decimal Classification
Koha item type Libros
945 ## - INFORMACIÓN DE PROCESAMIENTO LOCAL
Información de procesamiento local inventariado, 2018 / dg
956 ## - LOCAL ELECTRONIC LOCATION AND ACCESS (OCLC)
Nombre de host BTAVÁREZ
Número de acceso 10
Información de compresión 20161114
Trayectoria 0011761
Existencias
Withdrawn status Lost status Source of classification or shelving scheme Damaged status Not for loan Collection code Home library Current library Date acquired Total Checkouts Full call number Barcode Date last seen Price effective from Koha item type
    Dewey Decimal Classification     Colección Juvenil General Biblioteca Pública Metropolitana Salomé Ureña Biblioteca Pública Metropolitana Salomé Ureña 11/14/2016   xxxxxxxxx xxxxxxxx BPMSU16111304 11/14/2016 11/14/2016 Libros